000 00455nam a2200169Ia 4500
008 230718s9999 xx 000 0 und d
041 _aeng
082 _a004.05
_bPET
100 _aPeterson L.L.
_9108584
245 _aComputer Network
_bA System Approach
260 _c1993
_bMorgan K
300 _dRef 720 C (11857)
365 _cRs.
_b350.00
500 _a720 C
700 _aPeterson L.L. & Davie
_9186849
906 _dB:923926-Sep-2000
_cCOMP
_b52.5
999 _c300651
_d300651